Sommets de montagnes par région - France - Statistiques

Statistiques générales
  • Ce quiz a été pris 192 fois
  • Le résultat moyen est 4 sur 18
Statistiques - réponses
Région Hauteur Sommet % Correct
Auvergne-Rhône-Alpes 4 806 m Mont Blanc
100%
La Réunion 3 070 m Piton des Neiges
52%
Provence-Alpes-Côte d'Azur 4 101 m Barre des Écrins
46%
Corse 2 706 m Monte Cinto
43%
Grand Est 1 424 m Grand Ballon
39%
Occitanie 3 298 m Vignemale
35%
Martinique 1 395 m Montagne Pelée
29%
Guadeloupe 1 467 m Soufrière
21%
Pays de la Loire 416 m Mont des Avaloirs
6%
Île-de-France 231 m Colline d'Élancourt
4%
Bourgogne-Franche-Comté 1 495 m Crêt Pela
4%
Normandie 413 m Signal d'Écouves
4%
Nouvelle-Aquitaine 2 974 m Pic Palas
3%
Bretagne 385 m Roc'h Ruz
3%
Guyane 831 m Montagne Bellevue
2%
Centre-Val de Loire 501 m Le Magnoux
1%
Mayotte 660 m Mont Bénara
1%
Hauts-de-France 295 m Watigny
1%
Aucun quiz correspondant
Distribution des résultats
% des personnes avec chaque résultat
Percentile par nombre de réponses
Votre historique - résultats
Vous n’avez pas pris ce quiz